| 000 | 01570nam a22003495a 4500 | ||
|---|---|---|---|
| 003 | EG-ScBUE | ||
| 005 | 20211025141337.0 | ||
| 008 | 101223s2004 ua a f b 000 0 ara d | ||
| 017 | _a2004 / 14634 | ||
| 020 | _a9775031818 | ||
| 040 |
_aEG-SbBUE _bara _erda _cEG-SbBUE _dEG-ScBUE |
||
| 082 | 0 | 4 |
_a636.08969 _bس ل ي _222 |
| 100 | 1 |
_aسليم، صلاح الدين عبد الكريم، _eمؤلف. _921659 |
|
| 245 | 1 | 2 |
_aالأمراض البريونية : _b(جنون البقر) / _cأ. د. صلاح الدين عبد الكريم سليم، أ. د. عبد الجواد هاشم، أ. د. وجيه أرمانيوس جاد السيد. |
| 264 | 1 |
_aالقاهرة : _bوزارة البحث العلمي، أكاديمية البحث العلمي والتكنولوجيا، _c2004. |
|
| 300 |
_a183 صفحة : _bإيضاحيات ؛ _c24 سم. |
||
| 336 |
_2rdacontent _aنص _btxt |
||
| 337 |
_2rdamedia _aبدون وسيط _bn |
||
| 338 |
_2rdacarrier _aمجلد _bnc |
||
| 490 | 0 |
_aسلسلة المكتبة العلمية. _aكتب علمية بسيطة |
|
| 504 | _aيشتمل على إرجاعات ببليوجرافية. | ||
| 541 | _cإهداء. | ||
| 590 | _aMenna Elemam | ||
| 650 | 7 |
_aالماشية _xأمراض. _2BUEsh _921669 |
|
| 650 | 7 |
_aالبقر _xأمراض. _2BUEsh _921668 |
|
| 651 | _2BUEsh | ||
| 653 |
_bGGEN _cOctober2021 |
||
| 655 |
_vReading book _934232 |
||
| 700 | 1 |
_aهاشم، عبد الجواد، _eمؤلف. |
|
| 700 | 1 |
_aالسيد، وجيه أرمانيوس جاد، _eمؤلف. _940815 |
|
| 942 |
_cBB _k636.08969 س ل ي _2ddc |
||
| 999 |
_c6367 _d6367 |
||